UM Logo

The teaching profession in the 21st century / (Record no. 24194)

MARC details
000 -LEADER
fixed length control field 00715nam a22002057a 4500
005 - DATE AND TIME OF LATEST TRANSACTION
control field 20251127141648.0
008 - FIXED-LENGTH DATA ELEMENTS--GENERAL INFORMATION
fixed length control field 251112b |||||||| |||| 00| 0 eng d
020 ## - INTERNATIONAL STANDARD BOOK NUMBER
International Standard Book Number 9789719655404
082 ## - DEWEY DECIMAL CLASSIFICATION NUMBER
Classification number DFil 371.102 Sa715 2024
100 ## - MAIN ENTRY--PERSONAL NAME
Personal name Sarandi, Darwin S.
9 (RLIN) 69347
245 ## - TITLE STATEMENT
Title The teaching profession in the 21st century /
Statement of responsibility, etc. Darwin S. Sarandi and Michael R. Babao.
250 ## - EDITION STATEMENT
Edition statement Revised edition.
260 ## - PUBLICATION, DISTRIBUTION, ETC. (IMPRINT)
Place of publication, distribution, etc. Manila :
Name of publisher, distributor, etc. Mindshapers Co., Inc.,
Date of publication, distribution, etc. ©2024.
300 ## - PHYSICAL DESCRIPTION
Extent x, 142 pages :
Other physical details illustrations ;
Dimensions 24 cm.
500 ## - GENERAL NOTE
General note Includes bibliographical information.
650 #0 - SUBJECT ADDED ENTRY--TOPICAL TERM
Topical term or geographic name as entry element Teaching as a profession.
9 (RLIN) 69410
650 #0 - SUBJECT ADDED ENTRY--TOPICAL TERM
Topical term or geographic name as entry element Mentoring.
9 (RLIN) 69411
700 ## - ADDED ENTRY--PERSONAL NAME
Personal name Babao, Michael R.
9 (RLIN) 69348
Relator term author.
942 ## - ADDED ENTRY ELEMENTS (KOHA)
Source of classification or shelving scheme Dewey Decimal Classification
Koha item type Filipiniana
Holdings
Withdrawn status Lost status Source of classification or shelving scheme Damaged status Not for loan Collection code Home library Current library Shelving location Date acquired Source of acquisition Cost, normal purchase price Total Checkouts Full call number Barcode Date last seen Date last checked out Price effective from Koha item type
    Dewey Decimal Classification     Filipiniana UM Digos College - LIC UM Digos College - LIC Book Cart 08/11/2025 Purchased 700.00 2 DFil 371.102 Sa715 2024 29210 04/17/2026 04/16/2026 11/12/2025 Filipiniana